ਪਖੇਰੂ (Record no. 1024323)

MARC details
000 -LEADER
fixed length control field 00780nam a2200217Ia 4500
003 - CONTROL NUMBER IDENTIFIER
control field OSt
005 - DATE AND TIME OF LATEST TRANSACTION
control field 20260224165255.0
008 - FIXED-LENGTH DATA ELEMENTS--GENERAL INFORMATION
fixed length control field 221004b |||||||| |||| 00| 0 pan d
020 ## - INTERNATIONAL STANDARD BOOK NUMBER
International Standard Book Number 9788171435791 (hbk)
037 ## - SOURCE OF ACQUISITION
Terms of availability Textual
040 ## - CATALOGING SOURCE
Original cataloging agency CRL
Transcribing agency CRL
Language of cataloging pan
041 ## - LANGUAGE CODE
Source of code pan
Language code of text/sound track or separate title pan
084 ## - COLON CLASSIFICATION NUMBER
Classification number O153,3NTAR1x L8;Q2
100 ## - MAIN ENTRY--PERSONAL NAME
Personal name ਤਾਰੜ, ਮੁਸਤਨੱਸਰ ਹੁਸੈਨ
245 #0 - TITLE STATEMENT
Title ਪਖੇਰੂ
260 ## - PUBLICATION, DISTRIBUTION, ETC.
Place of publication, distribution, etc. ਅੰਮ੍ਰਿਤਸਰ
Name of publisher, distributor, etc. ਰਵੀ ਸਾਹਿਤ ਭਾਰਤ
Date of publication, distribution, etc. 2012
300 ## - PHYSICAL DESCRIPTION
Extent 104ਪੰ
Dimensions cm.
650 ## - SUBJECT ADDED ENTRY--TOPICAL TERM
Topical term or geographic name entry element ਪੰਜਾਬੀ ਸਾਹਿਤ
942 ## - ADDED ENTRY ELEMENTS (KOHA)
Classification part O153,3NTAR1x L8;Q2
Koha item type Textual
Source of classification or shelving scheme
Holdings
Withdrawn status Lost status Source of classification or shelving scheme Damaged status Not for loan Home library Current library Date acquired Source of acquisition Cost, normal purchase price Total Checkouts Full call number Barcode Date last seen Cost, replacement price Price effective from Koha item type
    Colon Classification (CC)     Central Library Central Library 2022-10-05 706, 21/01/2013, Bright Book Service 120.00   O153,3NTAR1x L8;Q2 CL1550611 2022-10-05 120.00 2022-10-05 Textbook
Copyright @ Delhi University Library System